000 01149nam a2200361 i 4500
001 11158
003 KOSZ 005
005 20200630132822.0
008 071118s1968 pl a f f 000 0 pol
015 _aPB 1968/7911
040 _aWA N
_cKOSZ 005/RW
_dKOSZ 005/RW
_dKOSZ 005/HR
046 _k1968
080 _a62-2
080 _a62-8
080 _a(075.8)
100 1 _aŁysakowski, Edward
_eAutor
245 1 0 _aElementy maszyn :
_bzbiór zadań.
_nCz. 2,
_pŁożyskowanie i napędy /
_cEdward Łysakowski.
246 3 0 _aŁożyskowanie i napędy.
250 _aWyd. 2 popr.
260 _aWarszawa :
_aŁódź :
_bPaństwowe Wydawnictwo Naukowe,
_c1968.
300 _a367 s. :
_bil. ;
_b24 cm.
380 _aKsiążki.
388 _a1901-
658 _aInżynieria i technika
650 4 _aNapęd
655 4 _aĆwiczenia i zadania
650 4 _aMaszyny
650 4 _aKonstrukcje
650 4 _aŁożyska
710 2 _aPaństwowe Wydawnictwo Naukowe
_4pbl.
856 _uhttp://koha.tu.koszalin.pl/cgi-bin/koha/opac-detail.pl?biblionumber=11158
_yKatalog online BPK
942 _2UKD
_cKS
999 _c11158
_d11158